000 004550000a22001810004500
003 MACL
005 20160101124643.0
008 160101b xxu||||| |||| 00| 0 eng d
040 _aMACL
_cMACL
041 _aEnglish
082 _a342/PAL
100 _aPalkhivala, N A
_913558
245 _aOur Constitution
_bDefaced and Defiled
260 _bMacmillan
_c1974
_aDelhi
350 _a25
650 _aConstitutional Law
_921255
942 _cBK
_k342/PAL
_2ddc
999 _c35513
_d35513